000 00814nam a2200253Ia 4500
003 OSt
005 20220923225521.0
006 a|||||r|||| 00| 0
007 ta
008 220922b |||||||| |||| 00| 0 guj d
024 _a270,278
037 _cTextual
040 _aARTS
_cARTS
_bguj
041 _2guj
_aguj
082 _aO156,3NDH,NR, 152M9
100 _aमुनि दुलहराज, अनु.
245 0 _aनृत्यांगना
246 _aNṛutyāanganā
260 _aदिल्ली
_b लोकचेतना प्रकाशन
_c1989
300 _a242पृ0
_ccm.
650 _aगुजराती साहित्य
942 _hO156,3NDH,NR, 152M9
_cTEXL
_2CC
999 _c378782
_d378782